Normal view
MARC view
- Education
Entry Topical Term
001 - CONTROL NUMBER
- control field: 4423
003 - CONTROL NUMBER IDENTIFIER
- control field: NUST
005 - DATE AND TIME OF LATEST TRANSACTION
- control field: 20170829112729.0
008 - FIXED-LENGTH DATA ELEMENTS
- fixed length control field: 170829|| aca||aabn | a|a d
040 ## - CATALOGING SOURCE
- Original cataloging agency: NUST
- Transcribing agency: NUST
150 ## - HEADING--TOPICAL TERM
- Topical term or geographic name entry element: Education
- General subdivision: Research
- General subdivision: Methdology.
670 ## - SOURCE DATA FOUND
- Source citation: Work cat.: (NUST)0: Mertler, Craig A. 4422, Introduction to educational research /, c2011.
